| 000 | 00520 a2200169 4500 | ||
|---|---|---|---|
| 020 | _a0471150339 | ||
| 040 | _aDLC | ||
| 082 | _a621.682 | ||
| 100 | 1 | _aSbihli, Scott. | |
| 245 | 1 | 0 |
_aDeveloping a successful wireless enterprise strategy : a managers guide _cScott Sbihli. |
| 260 |
_aNew York : _bWiley, _c2002. |
||
| 300 |
_axxi, 329 p. : _bill. ; _c24 cm. |
||
| 650 | 0 | _aWireless communication systems. | |
| 650 | 0 | _aWireless LANs. | |
| 650 | 0 |
_aBusiness enterprises _xComputer networks. |
|
| 942 |
_cBK _k621.682 SBI _2ddc |
||
| 999 |
_c8459 _d8459 |
||